000 01002 a2200205 4500
001 37796
005 20260407155644.0
008 260407a1963 arg spa d
003 AR-UNSa-BCEJYS
040 _aAR-UNSa-BCEJYS
_bspa
_cAR-UNSa-BCEJYS
080 _a658.81
_xOrganización de las ventas
245 1 0 _aMecanismos de la venta
_ppreparación, realización y control de la actividad comercial
264 1 _aBarcelona :
_bAriel
_c1963
300 _a256 p.
_c24 cm.
505 _a1. Fundamentos del acto de compra - 2. Estudio del mercado - 3. Organización comercial - 4. El presupuesto de ventas - 5. Los canales de distribución - 6. El vendedor - 7. Activación de ventas: I.Elaboración del programa - 8. Activación de las ventas: II. Realización del programa - 9. El servicio - 10. Estadística de la actividad comercial - 11. Relaciones públicas comerciales
942 _cBK
590 _aniveau_biblio:m niveau_hierar:0
100 1 _aZlatiev, Jean
700 1 _aSerra Ramoneda, Antonio
999 _c2803
_d2803